000 00505nam a2200193Ia 4500
005 20240823023404.0
008 240823s9999||||xx |||||||||||||| ||und||
020 _a978-0-19-431665-1
041 _aENGLISH
082 _A423 P5
100 _aSally Wehmeier Ed.
245 0 _aOxford Advanced Learner s Dictionary of Current English
250 _aVIIth
260 _c2005
_bOxford University
_aNew Delhi
500 _aTRANSFERED
650 _aDictionary
_bGeneral
942 _cBK
999 _c181421
_d181421